Normal view
MARC view
Entry Personal Name
001 - CONTROL NUMBER
- control field: 17989
003 - CONTROL NUMBER IDENTIFIER
- control field: dpl
005 - DATE AND TIME OF LATEST TRANSACTION
- control field: 20100901162820.0
008 - FIXED-LENGTH DATA ELEMENTS
- fixed length control field: 100901|||a|||||| | ||| d
040 ## - CATALOGING SOURCE
- Original cataloging agency: dpl
- Transcribing agency: dpl
100 ## - HEADING--PERSONAL NAME
- Personal name: चित्रे, दिलिप पुरूषोत्तम
670 ## - SOURCE DATA FOUND
- Source citation: Work cat.: (dpl): चित्रे, दिलिप पुरूषोत्तम, प्रत्यय आणि व्यत्यय-एक संवाद /, 2010
670 ## - SOURCE DATA FOUND
- Source citation: Work cat.: (dpl): चित्रे, दिलिप पुरूषोत्तम, प्रत्यय आणि व्यत्यय-एक संवाद /, 2010
